<?xml version="1.0" encoding="UTF-8"?>
<record
    xmlns:xsi="http://www.w3.org/2001/XMLSchema-instance"
    xsi:schemaLocation="http://www.loc.gov/MARC21/slim http://www.loc.gov/standards/marcxml/schema/MARC21slim.xsd"
    xmlns="http://www.loc.gov/MARC21/slim">

  <leader>01635nam2a2200313   4500</leader>
  <controlfield tag="001">RU\NLR\BIBL_A\010833278</controlfield>
  <controlfield tag="005">20250614103640.0</controlfield>
  <datafield tag="010" ind1=" " ind2=" ">
    <subfield code="a">978-5-85879-976-4</subfield>
    <subfield code="9">1000</subfield>
  </datafield>
  <datafield tag="021" ind1=" " ind2=" ">
    <subfield code="a">RU</subfield>
    <subfield code="b">2015-50020</subfield>
    <subfield code="9">2965</subfield>
  </datafield>
  <datafield tag="035" ind1=" " ind2=" ">
    <subfield code="a">(NLR Aleph) 010833278</subfield>
  </datafield>
  <datafield tag="090" ind1=" " ind2=" ">
    <subfield code="a">10298394</subfield>
    <subfield code="c">10298394</subfield>
  </datafield>
  <datafield tag="100" ind1=" " ind2=" ">
    <subfield code="a">20150914d2015    |||y0rusy50      ca</subfield>
  </datafield>
  <datafield tag="101" ind1="0" ind2=" ">
    <subfield code="a">rus</subfield>
  </datafield>
  <datafield tag="102" ind1=" " ind2=" ">
    <subfield code="a">RU</subfield>
  </datafield>
  <datafield tag="105" ind1=" " ind2=" ">
    <subfield code="a">ac||g|||000yd</subfield>
  </datafield>
  <datafield tag="200" ind1="0" ind2=" ">
    <subfield code="a">&#x412;&#x44B;&#x43F;. 3</subfield>
  </datafield>
  <datafield tag="210" ind1=" " ind2=" ">
    <subfield code="d">2015</subfield>
    <subfield code="a">&#x411;. &#x43C;.</subfield>
  </datafield>
  <datafield tag="215" ind1=" " ind2=" ">
    <subfield code="a">396, [1] &#x441;., [12] &#x43B;. &#x446;&#x432;. &#x438;&#x43B;., &#x43F;&#x43E;&#x440;&#x442;&#x440;.</subfield>
    <subfield code="c">&#x438;&#x43B;., &#x43F;&#x43E;&#x440;&#x442;&#x440;.</subfield>
  </datafield>
  <datafield tag="333" ind1=" " ind2=" ">
    <subfield code="a">16+</subfield>
  </datafield>
  <datafield tag="461" ind1=" " ind2="0">
    <subfield code="1">001RU\NLR\bibl\1743412</subfield>
    <subfield code="1">2001#$a&#x417;&#x430;&#x43F;&#x43E;&#x43B;&#x44F;&#x440;&#x44C;&#x435; - &#x441;&#x443;&#x434;&#x44C;&#x431;&#x430; &#x43C;&#x43E;&#x44F;$e&#x441;&#x431;&#x43E;&#x440;&#x43D;&#x438;&#x43A; [&#x431;&#x438;&#x43E;&#x433;&#x440;&#x430;&#x444;&#x438;&#x439; &#x438; &#x430;&#x432;&#x442;&#x43E;&#x431;&#x438;&#x43E;&#x433;&#x440;&#x430;&#x444;&#x438;&#x439; &#x447;&#x43B;&#x435;&#x43D;&#x43E;&#x432; &#x437;&#x435;&#x43C;&#x43B;&#x44F;&#x447;&#x435;&#x441;&#x442;&#x432;&#x430; &#x41D;&#x435;&#x43D;&#x435;&#x446;&#x43A;&#x43E;&#x433;&#x43E; &#x430;&#x432;&#x442;&#x43E;&#x43D;&#x43E;&#x43C;&#x43D;&#x43E;&#x433;&#x43E; &#x43E;&#x43A;&#x440;&#x443;&#x433;&#x430; &#x432; &#x410;&#x440;&#x445;&#x430;&#x43D;&#x433;&#x435;&#x43B;&#x44C;&#x441;&#x43A;&#x435; "&#x422;&#x43E;&#x441;&#x430;&#x432;&#x44D;&#x439;"$f&#x43E;&#x442;&#x432;. &#x440;&#x435;&#x434;., &#x441;&#x43E;&#x441;&#x442;. - &#x41D;.&#x41D;. &#x41C;&#x430;&#x442;&#x430;&#x444;&#x430;&#x43D;&#x43E;&#x432;]$v&#x412;&#x44B;&#x43F;. 3</subfield>
    <subfield code="9">1419357</subfield>
    <subfield code="c">&#x410;&#x440;&#x445;&#x430;&#x43D;&#x433;&#x435;&#x43B;&#x44C;&#x441;&#x43A;</subfield>
    <subfield code="d">2010</subfield>
    <subfield code="f">&#x43E;&#x442;&#x432;. &#x440;&#x435;&#x434;., &#x441;&#x43E;&#x441;&#x442;. - &#x41D;.&#x41D;. &#x41C;&#x430;&#x442;&#x430;&#x444;&#x430;&#x43D;&#x43E;&#x432;]</subfield>
    <subfield code="n">&#x41F;&#x440;&#x430;&#x432;&#x434;&#x430; &#x421;&#x435;&#x432;&#x435;&#x440;&#x430;</subfield>
    <subfield code="o">&#x441;&#x431;&#x43E;&#x440;&#x43D;&#x438;&#x43A; [&#x431;&#x438;&#x43E;&#x433;&#x440;&#x430;&#x444;&#x438;&#x439; &#x438; &#x430;&#x432;&#x442;&#x43E;&#x431;&#x438;&#x43E;&#x433;&#x440;&#x430;&#x444;&#x438;&#x439; &#x447;&#x43B;&#x435;&#x43D;&#x43E;&#x432; &#x437;&#x435;&#x43C;&#x43B;&#x44F;&#x447;&#x435;&#x441;&#x442;&#x432;&#x430; &#x41D;&#x435;&#x43D;&#x435;&#x446;&#x43A;&#x43E;&#x433;&#x43E; &#x430;&#x432;&#x442;&#x43E;&#x43D;&#x43E;&#x43C;&#x43D;&#x43E;&#x433;&#x43E; &#x43E;&#x43A;&#x440;&#x443;&#x433;&#x430; &#x432; &#x410;&#x440;&#x445;&#x430;&#x43D;&#x433;&#x435;&#x43B;&#x44C;&#x441;&#x43A;&#x435; "&#x422;&#x43E;&#x441;&#x430;&#x432;&#x44D;&#x439;"</subfield>
    <subfield code="t">&#x417;&#x430;&#x43F;&#x43E;&#x43B;&#x44F;&#x440;&#x44C;&#x435; - &#x441;&#x443;&#x434;&#x44C;&#x431;&#x430; &#x43C;&#x43E;&#x44F;</subfield>
    <subfield code="v">&#x412;&#x44B;&#x43F;. 3</subfield>
  </datafield>
  <datafield tag="607" ind1=" " ind2=" ">
    <subfield code="a">&#x41D;&#x435;&#x43D;&#x435;&#x446;&#x43A;&#x438;&#x439; &#x430;&#x432;&#x442;&#x43E;&#x43D;&#x43E;&#x43C;&#x43D;&#x44B;&#x439; &#x43E;&#x43A;&#x440;&#x443;&#x433;</subfield>
    <subfield code="x">&#x418;&#x441;&#x442;&#x43E;&#x440;&#x438;&#x44F;</subfield>
    <subfield code="9">2238989</subfield>
    <subfield code="3">RU\NLR\AUTH\661343586</subfield>
  </datafield>
  <datafield tag="675" ind1=" " ind2=" ">
    <subfield code="a">94(470.111)(092)</subfield>
    <subfield code="v">3</subfield>
    <subfield code="z">rus</subfield>
  </datafield>
  <datafield tag="686" ind1=" " ind2=" ">
    <subfield code="a">03.19</subfield>
    <subfield code="2">rugasnti</subfield>
  </datafield>
  <datafield tag="686" ind1=" " ind2=" ">
    <subfield code="a">63.3(2&#x420;&#x43E;&#x441;)</subfield>
    <subfield code="2">rubbk</subfield>
  </datafield>
  <datafield tag="686" ind1=" " ind2=" ">
    <subfield code="a">&#x422;3(2&#x420;-4&#x410;&#x440;&#x445;-6&#x41D;)</subfield>
  </datafield>
  <datafield tag="942" ind1=" " ind2=" ">
    <subfield code="c">BOOK</subfield>
  </datafield>
  <datafield tag="980" ind1=" " ind2=" ">
    <subfield code="a">NB</subfield>
  </datafield>
  <datafield tag="995" ind1=" " ind2=" ">
    <subfield code="5">2015-09-14</subfield>
    <subfield code="a">ad</subfield>
    <subfield code="b">NLR01</subfield>
    <subfield code="c">NLR01</subfield>
    <subfield code="e">RF3</subfield>
    <subfield code="f">1-1095260</subfield>
    <subfield code="k">2003-3/13786</subfield>
    <subfield code="o">0</subfield>
    <subfield code="p">0.00</subfield>
    <subfield code="r">BOOK</subfield>
    <subfield code="s">2003313786_</subfield>
  </datafield>
  <datafield tag="995" ind1=" " ind2=" ">
    <subfield code="5">2015-09-14</subfield>
    <subfield code="a">ad</subfield>
    <subfield code="b">NLR01</subfield>
    <subfield code="c">NLR01</subfield>
    <subfield code="e">RF3</subfield>
    <subfield code="f">1-1095259</subfield>
    <subfield code="k">2003-3/13786</subfield>
    <subfield code="o">0</subfield>
    <subfield code="p">0.00</subfield>
    <subfield code="r">BOOK</subfield>
    <subfield code="s">2003313786_</subfield>
  </datafield>
</record>
